000 00480nam a2200181Ia 4500
005 20250326141642.0
008 250326s9999 xx 000 0 und d
037 _aTextbook
040 _aFMSL
_beng
_cFMSL
041 _aeng
_2eng
084 _qFMSL
100 _aVinod Kumar
245 0 _aIndian industries predicting success of failure
_cVinod Kumar
260 _aDelhi
_bDelhi, Commonwealth Pub.
_c1987
300 _a252p
942 _cTB
999 _c1291323
_d1291323